[Event "DVM U10 2023"]
[Site "Magdeburg GER"]
[Date "2023.12.29"]
[Round "7"]
[White "Stentrup, Levi"]
[Black "Kurakin, Martin"]
[Result "1/2-1/2"]
[Termination "normal"]
[Board "9.3"]
[WhiteElo "1169"]
[BlackElo "1064"]
[WhiteClock "00:42:19"]
[BlackClock "00:30:32"]
[WhiteTeam "SK Münster 32"]
[BlackTeam "Düsseldorfer SK 14/25"]
[PlyCount "129"]
[WhiteFideId "34692509"]
[BlackFideId "4519949"]
[EventCountry "GER"]
[EventRounds "7"]
[EventType "team-swiss"]
[EventDate "2023.12.27"]

1. e4 {[%clk 00:55:09]} c5 {[%clk 00:55:06]} {[%emt 00:00:04]} 2. Nf3 {[%clk
00:55:09]} {[%emt 00:00:05]} d6 {[%clk 00:55:06]} {[%emt 00:00:05]} 3. d4
{[%clk 00:55:10]} {[%emt 00:00:05]} cxd4 {[%clk 00:55:05]} {[%emt 00:00:06]} 4.
Nxd4 {[%clk 00:55:12]} {[%emt 00:00:03]} Nf6 {[%clk 00:55:02]} {[%emt
00:00:08]} 5. Nc3 {[%clk 00:55:12]} {[%emt 00:00:05]} e6 {[%clk 00:54:04]}
{[%emt 00:01:02]} 6. Bg5 {[%clk 00:54:37]} {[%emt 00:00:41]} Be7 {[%clk
00:53:54]} {[%emt 00:00:13]} 7. Bc4 {[%clk 00:54:30]} {[%emt 00:00:14]} O-O
{[%clk 00:53:45]} {[%emt 00:00:14]} 8. Nf3 {[%clk 00:54:14]} {[%emt 00:00:22]}
Nc6 {[%clk 00:53:38]} {[%emt 00:00:11]} 9. O-O {[%clk 00:54:06]} {[%emt
00:00:13]} b6 {[%clk 00:49:15]} {[%emt 00:04:26]} 10. Nb5 {[%clk 00:53:21]}
{[%emt 00:00:52]} d5 {[%clk 00:48:34]} {[%emt 00:00:44]} 11. exd5 {[%clk
00:53:02]} {[%emt 00:00:26]} exd5 {[%clk 00:48:29]} {[%emt 00:00:06]} 12. Bxf6
{[%clk 00:51:43]} {[%emt 00:01:27]} dxc4 {[%clk 00:47:15]} {[%emt 00:01:19]}
13. Qxd8 {[%emt 00:00:15]} Rxd8 {[%emt 00:00:35]} 14. Bxe7 {[%clk 00:50:47]}
{[%emt 00:00:11]} Nxe7 {[%clk 00:47:13]} {[%emt 00:00:06]} 15. Rfe1 {[%clk
00:50:26]} {[%emt 00:00:27]} Ba6 {[%clk 00:45:35]} {[%emt 00:01:44]} 16. Nc7
{[%clk 00:50:19]} {[%emt 00:00:13]} Rac8 {[%clk 00:45:03]} {[%emt 00:00:36]}
17. Rxe7 {[%clk 00:50:06]} {[%emt 00:00:18]} Bb7 {[%clk 00:43:46]} {[%emt
00:01:21]} 18. Ne6 {[%clk 00:49:46]} {[%emt 00:00:25]} fxe6 {[%clk 00:43:22]}
{[%emt 00:00:29]} 19. Rxb7 {[%clk 00:49:47]} {[%emt 00:00:05]} Rc5 {[%clk
00:42:51]} {[%emt 00:00:37]} 20. h3 {[%clk 00:49:01]} {[%emt 00:00:50]} h5
{[%clk 00:42:35]} {[%emt 00:00:21]} 21. Nd4 {[%clk 00:48:51]} {[%emt 00:00:15]}
Rxd4 {[%clk 00:41:58]} {[%emt 00:00:42]} 22. Rxa7 {[%clk 00:48:37]} {[%emt
00:00:19]} Rf5 {[%clk 00:41:46]} {[%emt 00:00:16]} 23. Ra6 {[%clk 00:48:25]}
{[%emt 00:00:16]} Rd2 {[%clk 00:41:44]} {[%emt 00:00:09]} 24. Rxb6 {[%clk
00:48:10]} {[%emt 00:00:20]} Rfxf2 {[%clk 00:41:35]} {[%emt 00:00:14]} 25. Rxe6
{[%clk 00:47:22]} {[%emt 00:00:53]} Rxg2+ {[%clk 00:41:31]} {[%emt 00:00:10]}
26. Kf1 {[%clk 00:47:23]} {[%emt 00:00:02]} Rdf2+ {[%clk 00:40:52]} {[%emt
00:00:44]} 27. Ke1 {[%clk 00:47:18]} {[%emt 00:00:11]} Rf5 {[%clk 00:40:16]}
{[%emt 00:00:39]} 28. a4 {[%clk 00:46:55]} {[%emt 00:00:30]} Rg1+ {[%clk
00:40:08]} {[%emt 00:00:13]} 29. Kd2 {[%clk 00:46:44]} {[%emt 00:00:17]} Rxa1
{[%clk 00:40:05]} {[%emt 00:00:07]} 30. Ra6 {[%clk 00:46:45]} {[%emt 00:00:03]}
Kh7 {[%clk 00:39:24]} {[%emt 00:00:47]} 31. Kc3 {[%clk 00:46:20]} {[%emt
00:00:30]} g6 {[%clk 00:39:05]} {[%emt 00:00:24]} 32. b3 {[%clk 00:46:12]}
{[%emt 00:00:13]} cxb3 {[%clk 00:39:02]} {[%emt 00:00:08]} 33. cxb3 {[%clk
00:46:11]} {[%emt 00:00:06]} Kh6 {[%clk 00:38:52]} {[%emt 00:00:15]} 34. Kb2
{[%clk 00:46:10]} {[%emt 00:00:06]} Rh1 {[%clk 00:38:37]} {[%emt 00:00:19]} 35.
a5 {[%clk 00:46:12]} {[%emt 00:00:04]} Rf2+ {[%clk 00:38:36]} {[%emt 00:00:07]}
36. Ka3 {[%clk 00:46:10]} {[%emt 00:00:06]} Ra1+ {[%clk 00:38:27]} {[%emt
00:00:14]} 37. Kb4 {[%emt 00:00:39]} Rf4+ {[%clk 00:37:36]} {[%emt 00:00:21]}
38. Kc3 {[%clk 00:46:07]} {[%emt 00:00:10]} Rf3+ {[%clk 00:37:12]} {[%emt
00:00:28]} 39. Kb2 {[%clk 00:45:59]} {[%emt 00:00:13]} Re1 {[%clk 00:37:05]}
{[%emt 00:00:12]} 40. Rb6 {[%clk 00:45:50]} {[%emt 00:00:13]} Re8 {[%clk
00:36:59]} {[%emt 00:00:11]} 41. a6 {[%clk 00:45:44]} {[%emt 00:00:12]} Ra8
{[%clk 00:36:30]} {[%emt 00:00:33]} 42. b4 {[%clk 00:45:42]} {[%emt 00:00:09]}
h4 {[%clk 00:36:22]} {[%emt 00:00:12]} 43. b5 {[%clk 00:45:38]} {[%emt
00:00:10]} Rf5 {[%clk 00:36:00]} {[%emt 00:00:25]} 44. Rb7 {[%clk 00:45:31]}
{[%emt 00:00:13]} Kg5 {[%clk 00:35:43]} {[%emt 00:00:21]} 45. a7 {[%clk
00:45:22]} {[%emt 00:00:15]} Kf4 {[%clk 00:35:30]} {[%emt 00:00:16]} 46. b6
{[%clk 00:45:22]} {[%emt 00:00:08]} Rb5+ {[%clk 00:35:28]} {[%emt 00:00:06]}
47. Kc3 {[%clk 00:45:20]} {[%emt 00:00:07]} Rc5+ {[%clk 00:35:07]} {[%emt
00:00:24]} 48. Kd4 {[%clk 00:45:14]} {[%emt 00:00:13]} Rcc8 {[%clk 00:35:01]}
{[%emt 00:00:10]} 49. Rf7 {[%clk 00:45:07]} {[%emt 00:00:13]} Kg3 {[%clk
00:34:51]} {[%emt 00:00:13]} 50. b7 {[%clk 00:45:09]} {[%emt 00:00:06]} Rd8+
{[%clk 00:34:04]} {[%emt 00:00:51]} 51. Kc5 {[%clk 00:44:50]} {[%emt 00:00:24]}
Rxa7 {[%clk 00:33:59]} {[%emt 00:00:10]} 52. b8=Q+ {[%emt 00:00:22]} Rxb8
{[%emt 00:00:03]} 53. Rxa7 {[%clk 00:44:25]} {[%emt 00:00:05]} Kxh3 {[%clk
00:33:20]} {[%emt 00:00:44]} 54. Rg7 {[%clk 00:44:17]} {[%emt 00:00:13]} Kh2
{[%clk 00:33:03]} {[%emt 00:00:22]} 55. Rxg6 {[%clk 00:44:12]} {[%emt
00:00:09]} h3 {[%clk 00:32:54]} {[%emt 00:00:14]} 56. Kd4 {[%clk 00:44:01]}
{[%emt 00:00:17]} Rb3 {[%clk 00:32:08]} {[%emt 00:00:51]} 57. Kc4 {[%clk
00:43:52]} {[%emt 00:00:14]} Rg3 {[%clk 00:32:05]} {[%emt 00:00:08]} 58. Ra6
{[%clk 00:43:34]} {[%emt 00:00:22]} Kh1 {[%clk 00:31:59]} {[%emt 00:00:12]} 59.
Ra1+ {[%clk 00:43:15]} {[%emt 00:00:24]} Rg1 {[%clk 00:31:55]} {[%emt
00:00:09]} 60. Ra2 {[%clk 00:42:55]} {[%emt 00:00:25]} h2 {[%clk 00:31:37]}
{[%emt 00:00:22]} 61. Kd3 {[%clk 00:42:31]} {[%emt 00:00:30]} Rg2 {[%clk
00:31:26]} {[%emt 00:00:16]} 62. Ra1+ {[%clk 00:42:18]} {[%emt 00:00:51]} Rg1
{[%clk 00:31:03]} {[%emt 00:00:28]} 63. Ra2 {[%clk 00:42:19]} {[%emt 00:00:04]}
Rg2 {[%clk 00:30:36]} {[%emt 00:00:32]} 64. Ra1+ {[%emt 00:00:18]} Rg1 {[%clk
00:30:32]} {[%emt 00:00:03]} 65. Ra2 1/2-1/2

[Event "DVM U10 2023"]
[Site "Magdeburg GER"]
[Date "2023.12.29"]
[Round "7"]
[White "Michelson, Nathan"]
[Black "Tolle, Jonathan"]
[Result "1-0"]
[Termination "normal"]
[Board "9.4"]
[WhiteElo "991"]
[BlackElo "929"]
[WhiteClock "00:35:53"]
[BlackClock "00:15:17"]
[WhiteTeam "Düsseldorfer SK 14/25"]
[BlackTeam "SK Münster 32"]
[PlyCount "97"]
[WhiteFideId "34648372"]
[EventCountry "GER"]
[EventRounds "7"]
[EventType "team-swiss"]
[EventDate "2023.12.27"]

1. e4 {[%clk 00:55:09]} {[%emt 00:00:01]} e5 {[%clk 00:55:05]} {[%emt
00:00:05]} 2. Nf3 {[%clk 00:55:06]} {[%emt 00:00:07]} Nc6 {[%clk 00:55:07]}
{[%emt 00:00:04]} 3. d4 {[%clk 00:54:58]} {[%emt 00:00:13]} exd4 {[%clk
00:54:52]} {[%emt 00:00:21]} 4. Nxd4 {[%clk 00:54:54]} {[%emt 00:00:07]} Nxd4
{[%clk 00:54:49]} {[%emt 00:00:09]} 5. Qxd4 {[%clk 00:54:52]} {[%emt 00:00:06]}
Nf6 {[%clk 00:54:43]} {[%emt 00:00:12]} 6. Be3 {[%clk 00:54:50]} {[%emt
00:00:05]} d6 {[%clk 00:54:11]} {[%emt 00:00:39]} 7. Nc3 {[%clk 00:54:40]}
{[%emt 00:00:14]} Be6 {[%clk 00:53:52]} {[%emt 00:00:25]} 8. O-O-O {[%clk
00:54:32]} {[%emt 00:00:12]} h6 {[%clk 00:53:18]} {[%emt 00:00:40]} 9. Re1
{[%clk 00:53:36]} {[%emt 00:01:01]} g5 {[%clk 00:52:08]} {[%emt 00:01:15]} 10.
f4 {[%clk 00:51:23]} {[%emt 00:02:18]} gxf4 {[%clk 00:51:38]} {[%emt 00:00:36]}
11. Bxf4 {[%clk 00:51:14]} {[%emt 00:00:13]} Bg7 {[%clk 00:51:01]} {[%emt
00:00:41]} 12. Nd5 {[%emt 00:00:42]} Rg8 {[%clk 00:48:59]} {[%emt 00:02:04]}
13. Kb1 {[%clk 00:50:06]} {[%emt 00:00:39]} Nxd5 {[%clk 00:47:25]} {[%emt
00:01:39]} 14. Qa4+ {[%clk 00:50:00]} {[%emt 00:00:12]} Bd7 {[%clk 00:45:16]}
{[%emt 00:02:14]} 15. exd5+ {[%clk 00:49:47]} {[%emt 00:00:17]} Kf8 {[%clk
00:44:58]} {[%emt 00:00:24]} 16. Qb3 {[%clk 00:49:37]} {[%emt 00:00:14]} Rb8
{[%clk 00:43:40]} {[%emt 00:01:24]} 17. Qa3 {[%clk 00:48:21]} {[%emt 00:01:20]}
Qf6 {[%clk 00:41:25]} {[%emt 00:02:20]} 18. Be5 {[%clk 00:47:39]} {[%emt
00:00:48]} Qxe5 {[%clk 00:37:56]} {[%emt 00:03:34]} 19. Rxe5 {[%clk 00:47:36]}
{[%emt 00:00:08]} Bxe5 {[%clk 00:37:52]} {[%emt 00:00:09]} 20. Qxa7 {[%clk
00:47:12]} {[%emt 00:00:27]} Kg7 {[%clk 00:37:10]} {[%emt 00:00:48]} 21. Qe3
{[%clk 00:45:54]} {[%emt 00:01:23]} Rge8 {[%clk 00:34:02]} {[%emt 00:03:14]}
22. Bd3 {[%clk 00:43:20]} {[%emt 00:02:39]} c6 {[%clk 00:31:14]} {[%emt
00:02:53]} 23. dxc6 {[%clk 00:42:48]} {[%emt 00:00:37]} Bxc6 {[%clk 00:30:56]}
{[%emt 00:00:23]} 24. Rf1 {[%clk 00:42:19]} {[%emt 00:00:34]} Bxg2 {[%clk
00:30:07]} {[%emt 00:00:54]} 25. Rg1 {[%clk 00:42:15]} {[%emt 00:00:08]} Kf8
{[%clk 00:22:35]} {[%emt 00:07:38]} 26. Rxg2 {[%clk 00:41:57]} {[%emt
00:00:22]} Bd4 {[%clk 00:21:51]} {[%emt 00:00:50]} 27. Qxh6+ {[%clk 00:41:42]}
{[%emt 00:00:19]} Ke7 {[%clk 00:21:27]} {[%emt 00:00:29]} 28. Bf5 {[%clk
00:40:11]} {[%emt 00:01:35]} Bf6 {[%clk 00:19:56]} {[%emt 00:01:37]} 29. Re2+
{[%clk 00:39:49]} {[%emt 00:00:27]} Kd8 {[%clk 00:19:52]} {[%emt 00:00:09]} 30.
Qxf6+ {[%clk 00:39:44]} {[%emt 00:00:11]} Kc7 {[%emt 00:00:15]} 31. Qc3+ {[%clk
00:39:02]} {[%emt 00:00:45]} Kd8 {[%clk 00:19:28]} {[%emt 00:00:21]} 32. Rxe8+
{[%clk 00:38:45]} {[%emt 00:00:23]} Kxe8 {[%clk 00:19:22]} {[%emt 00:00:10]}
33. Qh8+ {[%clk 00:38:40]} {[%emt 00:00:10]} Ke7 {[%clk 00:19:18]} {[%emt
00:00:09]} 34. Qxb8 {[%clk 00:38:34]} {[%emt 00:00:11]} Kf6 {[%clk 00:19:13]}
{[%emt 00:00:09]} 35. Qc8 {[%clk 00:38:18]} {[%emt 00:00:22]} Ke5 {[%clk
00:18:49]} {[%emt 00:00:29]} 36. h4 {[%clk 00:38:01]} {[%emt 00:00:21]} Kf6
{[%clk 00:18:44]} {[%emt 00:00:10]} 37. h5 {[%clk 00:37:55]} {[%emt 00:00:11]}
Kg5 {[%clk 00:18:45]} {[%emt 00:00:05]} 38. Bg4 {[%clk 00:37:26]} {[%emt
00:00:33]} b6 {[%clk 00:17:53]} {[%emt 00:00:57]} 39. Qf5+ {[%clk 00:37:24]}
{[%emt 00:00:07]} Kh6 {[%clk 00:17:46]} {[%emt 00:00:12]} 40. Qxf7 {[%clk
00:37:25]} {[%emt 00:00:03]} Kg5 {[%clk 00:17:43]} {[%emt 00:00:09]} 41. Qf5+
{[%clk 00:37:23]} {[%emt 00:00:08]} Kh4 {[%clk 00:17:27]} {[%emt 00:00:21]} 42.
Bf3 {[%clk 00:36:51]} {[%emt 00:00:37]} Kg3 {[%clk 00:17:20]} {[%emt 00:00:12]}
43. h6 {[%clk 00:36:44]} {[%emt 00:00:12]} Kf2 {[%clk 00:17:11]} {[%emt
00:00:12]} 44. h7 {[%clk 00:36:35]} {[%emt 00:00:15]} Ke3 {[%clk 00:17:14]}
{[%emt 00:00:03]} 45. h8=Q {[%clk 00:36:30]} {[%emt 00:00:10]} Kd2 {[%clk
00:16:36]} {[%emt 00:00:43]} 46. Qh6+ {[%clk 00:36:18]} {[%emt 00:00:16]} Ke1
{[%clk 00:16:28]} {[%emt 00:00:13]} 47. Qff4 {[%clk 00:36:08]} {[%emt
00:00:14]} Kf2 {[%clk 00:15:40]} {[%emt 00:00:54]} 48. Qhh2+ {[%clk 00:36:01]}
{[%emt 00:00:12]} Ke1 {[%clk 00:15:17]} {[%emt 00:00:27]} 49. Qe2 {[%clk
00:35:53]} {[%emt 00:00:07]} 1-0

[Event "DVM U10 2023"]
[Site "Magdeburg GER"]
[Date "2023.12.29"]
[Round "7"]
[White "Brückner, Julian"]
[Black "Willems, Lasse"]
[Result "1-0"]
[Termination "normal"]
[Board "10.1"]
[WhiteElo "1592"]
[BlackElo "1133"]
[WhiteClock "00:04:35"]
[BlackClock "00:05:11"]
[WhiteTeam "SV Roter Turm Halle"]
[BlackTeam "SC Ramstein-Miesenbach"]
[PlyCount "141"]
[WhiteFideId "34630031"]
[EventCountry "GER"]
[EventRounds "7"]
[EventType "team-swiss"]
[EventDate "2023.12.27"]

1. e4 {[%clk 00:55:08]} {[%emt 00:00:02]} e5 {[%clk 00:54:54]} {[%emt
00:00:16]} 2. Nf3 {[%clk 00:55:04]} {[%emt 00:00:09]} Nc6 {[%clk 00:54:58]}
{[%emt 00:00:01]} 3. Bc4 {[%clk 00:54:52]} {[%emt 00:00:17]} Nf6 {[%clk
00:54:53]} {[%emt 00:00:10]} 4. d3 {[%clk 00:54:33]} {[%emt 00:00:24]} Bc5
{[%clk 00:54:12]} {[%emt 00:00:46]} 5. c3 {[%clk 00:54:15]} {[%emt 00:00:23]}
O-O {[%clk 00:53:41]} {[%emt 00:00:36]} 6. Bb3 {[%clk 00:54:02]} {[%emt
00:00:18]} d5 {[%clk 00:52:37]} {[%emt 00:01:08]} 7. exd5 {[%clk 00:53:35]}
{[%emt 00:00:33]} Nxd5 {[%clk 00:52:32]} {[%emt 00:00:10]} 8. O-O {[%clk
00:53:13]} {[%emt 00:00:28]} Bg4 {[%clk 00:51:58]} {[%emt 00:00:38]} 9. Bc2
{[%clk 00:50:27]} {[%emt 00:02:52]} Qd7 {[%clk 00:50:13]} {[%emt 00:01:50]} 10.
Nbd2 {[%clk 00:49:39]} {[%emt 00:00:52]} Rfe8 {[%clk 00:49:18]} {[%emt
00:01:00]} 11. Ne4 {[%clk 00:49:11]} {[%emt 00:00:33]} Bb6 {[%clk 00:48:58]}
{[%emt 00:00:24]} 12. h3 {[%clk 00:48:30]} {[%emt 00:00:47]} Bh5 {[%emt
00:00:41]} 13. Ng3 {[%clk 00:47:52]} {[%emt 00:00:27]} Bg6 {[%clk 00:48:18]}
{[%emt 00:00:24]} 14. Re1 {[%clk 00:42:13]} {[%emt 00:05:45]} h6 {[%clk
00:45:14]} {[%emt 00:03:07]} 15. Nh2 {[%clk 00:37:28]} {[%emt 00:04:52]} Re7
{[%clk 00:39:11]} {[%emt 00:06:08]} 16. Nhf1 {[%clk 00:35:25]} {[%emt
00:02:07]} Rae8 {[%clk 00:38:22]} {[%emt 00:00:55]} 17. Ne3 {[%clk 00:34:59]}
{[%emt 00:00:32]} a6 {[%clk 00:36:38]} {[%emt 00:01:49]} 18. Qf3 {[%clk
00:31:10]} {[%emt 00:03:53]} Nf6 {[%clk 00:32:54]} {[%emt 00:03:49]} 19. Nef5
{[%clk 00:30:09]} {[%emt 00:01:05]} Re6 {[%clk 00:29:42]} {[%emt 00:03:17]} 20.
Bb3 {[%clk 00:29:54]} {[%emt 00:00:22]} Bxf5 {[%clk 00:26:28]} {[%emt
00:03:19]} 21. Nxf5 {[%clk 00:29:00]} {[%emt 00:00:58]} e4 {[%emt 00:02:02]}
22. dxe4 {[%clk 00:27:20]} {[%emt 00:00:32]} Rxe4 {[%clk 00:24:35]} {[%emt
00:01:12]} 23. Rxe4 {[%clk 00:26:52]} {[%emt 00:00:35]} Rxe4 {[%emt 00:10:57]}
24. Nxh6+ {[%clk 00:14:50]} {[%emt 00:01:38]} gxh6 {[%clk 00:22:08]} {[%emt
00:02:09]} 25. Qxf6 {[%clk 00:14:31]} {[%emt 00:00:24]} Re1+ {[%clk 00:21:50]}
{[%emt 00:00:22]} 26. Kh2 {[%clk 00:14:12]} {[%emt 00:00:25]} Qd6+ {[%clk
00:21:44]} {[%emt 00:00:12]} 27. Qxd6 {[%clk 00:13:36]} {[%emt 00:00:40]} cxd6
{[%clk 00:21:40]} {[%emt 00:00:10]} 28. Rb1 {[%clk 00:12:16]} {[%emt 00:01:24]}
Bxf2 {[%clk 00:19:33]} {[%emt 00:02:12]} 29. Bc2 {[%clk 00:11:54]} {[%emt
00:00:27]} Be3 {[%clk 00:18:17]} {[%emt 00:01:20]} 30. Bxe3 {[%emt 00:00:22]}
Rxe3 {[%clk 00:18:12]} {[%emt 00:00:08]} 31. Rd1 {[%clk 00:11:01]} {[%emt
00:00:43]} Re2 {[%clk 00:17:16]} {[%emt 00:01:01]} 32. Bb3 {[%clk 00:10:34]}
{[%emt 00:00:33]} Na5 {[%clk 00:16:12]} {[%emt 00:01:09]} 33. Rxd6 {[%clk
00:07:55]} {[%emt 00:02:44]} Nxb3 {[%clk 00:15:53]} {[%emt 00:00:24]} 34. axb3
{[%emt 00:00:57]} Rxb2 {[%clk 00:14:58]} {[%emt 00:00:19]} 35. Rb6 {[%emt
00:01:27]} Kg7 {[%emt 00:00:59]} 36. Rxb7 {[%clk 00:07:08]} {[%emt 00:00:03]}
a5 {[%emt 00:01:05]} 37. Rb5 {[%emt 00:01:10]} f6 {[%clk 00:11:44]} {[%emt
00:00:23]} 38. c4 {[%clk 00:06:16]} {[%emt 00:00:11]} Kf7 {[%clk 00:10:55]}
{[%emt 00:00:53]} 39. Rxa5 {[%clk 00:06:08]} {[%emt 00:00:13]} Rxb3 {[%clk
00:10:49]} {[%emt 00:00:12]} 40. c5 {[%clk 00:05:58]} {[%emt 00:00:15]} Rc3
{[%clk 00:10:45]} {[%emt 00:00:08]} 41. Ra7+ {[%emt 00:00:19]} Ke6 {[%clk
00:10:23]} {[%emt 00:00:22]} 42. Ra6+ {[%clk 00:05:36]} {[%emt 00:00:17]} Ke7
{[%clk 00:10:10]} {[%emt 00:00:19]} 43. c6 {[%clk 00:05:24]} {[%emt 00:00:18]}
f5 {[%clk 00:09:47]} {[%emt 00:00:27]} 44. Ra7+ {[%clk 00:05:22]} {[%emt
00:00:07]} Kd6 {[%clk 00:09:41]} {[%emt 00:00:11]} 45. c7 {[%clk 00:05:23]}
{[%emt 00:00:05]} Rxc7 {[%clk 00:09:23]} {[%emt 00:00:23]} 46. Rxc7 {[%clk
00:05:12]} {[%emt 00:00:16]} Kxc7 {[%clk 00:09:23]} {[%emt 00:00:04]} 47. Kg3
{[%clk 00:05:02]} {[%emt 00:00:15]} Kd6 {[%clk 00:09:12]} {[%emt 00:00:16]} 48.
Kh4 {[%clk 00:04:39]} {[%emt 00:00:29]} Ke6 {[%clk 00:07:34]} {[%emt 00:01:42]}
49. Kh5 {[%clk 00:04:37]} {[%emt 00:00:07]} f4 {[%clk 00:06:38]} {[%emt
00:01:01]} 50. Kxh6 {[%clk 00:03:59]} {[%emt 00:00:43]} Kf6 {[%clk 00:06:27]}
{[%emt 00:00:16]} 51. Kh5 {[%clk 00:03:54]} {[%emt 00:00:10]} Kf5 {[%clk
00:06:21]} {[%emt 00:00:12]} 52. Kh4 {[%clk 00:03:52]} {[%emt 00:00:07]} Kf6
{[%clk 00:05:33]} {[%emt 00:00:52]} 53. Kg4 {[%clk 00:03:52]} {[%emt 00:00:05]}
Kg6 {[%clk 00:04:30]} {[%emt 00:01:08]} 54. Kxf4 {[%clk 00:03:54]} {[%emt
00:00:03]} Kf6 {[%clk 00:04:31]} {[%emt 00:00:04]} 55. h4 {[%clk 00:03:55]}
{[%emt 00:00:04]} Kg6 {[%clk 00:04:36]} 56. g4 {[%clk 00:03:59]} {[%emt
00:00:01]} Kg7 {[%clk 00:04:40]} 57. Kf5 {[%clk 00:04:00]} {[%emt 00:00:04]}
Kf7 {[%clk 00:04:43]} {[%emt 00:00:03]} 58. h5 {[%clk 00:04:03]} {[%emt
00:00:01]} Kg7 {[%clk 00:04:47]} 59. g5 {[%clk 00:04:06]} {[%emt 00:00:02]} Kf7
{[%clk 00:04:48]} {[%emt 00:00:04]} 60. h6 {[%clk 00:04:08]} {[%emt 00:00:04]}
Kf8 {[%clk 00:04:50]} {[%emt 00:00:04]} 61. Kf6 {[%clk 00:04:10]} {[%emt
00:00:02]} Kg8 {[%clk 00:04:50]} {[%emt 00:00:04]} 62. g6 {[%clk 00:04:12]}
{[%emt 00:00:03]} Kh8 {[%clk 00:04:48]} {[%emt 00:00:07]} 63. g7+ {[%clk
00:04:15]} {[%emt 00:00:03]} Kg8 {[%clk 00:04:45]} {[%emt 00:00:08]} 64. h7+
{[%clk 00:04:18]} {[%emt 00:00:02]} Kxh7 {[%clk 00:04:47]} {[%emt 00:00:03]}
65. Kf7 {[%clk 00:04:19]} {[%emt 00:00:04]} Kh6 {[%clk 00:04:50]} {[%emt
00:00:02]} 66. g8=Q {[%clk 00:04:21]} {[%emt 00:00:03]} Kh5 {[%clk 00:04:55]}
67. Kf6 {[%clk 00:04:24]} {[%emt 00:00:03]} Kh4 {[%clk 00:04:59]} {[%emt
00:00:01]} 68. Kf5 {[%clk 00:04:28]} {[%emt 00:00:01]} Kh3 {[%clk 00:05:03]}
69. Kf4 {[%clk 00:04:31]} Kh2 {[%clk 00:05:08]} 70. Kf3 {[%clk 00:04:35]}
{[%emt 00:00:02]} Kh1 {[%clk 00:05:11]} {[%emt 00:00:02]} 71. Qg2# {[%emt
00:00:02]} 1-0